000 00634nam a2200169Ia 4500
008 090201s9999 xx 000 0 und d
010 _aKPL-24948
040 _bमराठी
041 _aमराठी
082 _a45550
_b24948
100 _aदिलिप पुरुषोत्तम चित्रे
245 _aकवीतेनंतरच्या कवीता
_cदिलिप पुरुषोत्तम चित्रे
260 _c2005
_bवाचा प्रकाशक
300 _a144
_bमोठा
600 _aकवीतेनंतरच्या कवीता
942 _cBOOK
999 _c242461
_d242461